000
00262nam a2200109Ia 4500
008
200302s9999 xx 000 0 und d
100
_a
Ian Graham
245
_a
Splendours Of The East
260
_b
Weidenfeld and Nicolson Ltd,
260
_c
1965
300
_a
288 P.,
999
_c
2392
_d
2392